Apprendre l’allemand les adjectifs - Statistiques

Statistiques générales
  • Ce quiz a été pris 10 fois
  • Le résultat moyen est 15 sur 141
Statistiques - réponses
Français Deutsch % Correct
Grand, gros Groß
100%
Allemand Deutsch
88%
Vieux, ancien Alt
75%
Bon Gut
75%
Nouveau Neu
75%
Premier Erste
63%
Petit Klein
63%
Long Lang
63%
Agréable, beau, bon Schön
50%
Beaucoup Viel
50%
Different, autre Anders
25%
Tout, entier Ganz
25%
Exact, précis Genau
25%
Parfait Perfekt
25%
En retard Spät
25%
Loin, grand Weit
25%
Important Wichtig
25%
Peureux Ängstlich
13%
Pauvre Arm
13%
Stupide Dumm
13%
Sombre Dunkel
13%
Simple Einfach
13%
Solitaire Einsam
13%
Sérieux Ernst
13%
Paresseux Faul
13%
Secret Geheim
13%
Haut, beaucoup Hoch
13%
Vivant Lebend
13%
Vide Leer
13%
Dernier Letzte
13%
Puissant Mächtig
13%
Possible Möglich
13%
Prochain Nächster
13%
Près Nahe
13%
Proche Nahe
13%
Naturel Natürlich
13%
Nerveux Nervös
13%
Nostalgique Nostalgisch
13%
Officiel Offiziell
13%
Optimiste Optimistisch
13%
Original Originell
13%
Pessimiste Pessimistisch
13%
Phénoménal Phänomenal
13%
Politique Politisch
13%
Populaire Populär
13%
Positif Positiv
13%
Pratique Praktisch
13%
Privé Privat
13%
Ponctuel Pünktlich
13%
Réaliste Realistisch
13%
Régulier Regulär
13%
Riche Reich
13%
Religieux Religiös
13%
Romantique Romantisch
13%
Salé Salzig
13%
Propre Sauber
13%
Pire Schlechter
13%
Sale Schmutzig
13%
Rapide Schnell
13%
Sportif Sportlich
13%
Tolérant Tolerant
13%
Super Toll
13%
Total Total
13%
Triste Traurig
13%
Typique Typisch
13%
Surpris Überrascht
13%
Plein Voll
13%
Rempli Voll
13%
Vulgaire Vulgär
13%
Vrai (véridique) Wahr
13%
Superstitieux Abergläubisch
0%
Prétentieux Anmaßend, eingebildet
0%
Plaisant Ansprechend
0%
Sincère Aufrichtig
0%
Persévérant Ausdauernd
0%
Satisfaisant Befriedigend
0%
Remarquable Bemerkenswert
0%
Occupé Beschäftigt
0%
Spécial Besonders
0%
Troublant Beunruhigend
0%
Triangulaire Dreieckig
0%
Propre Eigen
0%
Unique Einmalig
0%
Prodigieux Erstaunlich
0%
Supportable Erträglich
0%
Tolérable Erträglich
0%
Solide Fest
0%
Terrible Furchtbar
0%
Patient Geduldig
0%
Spacieux Geräumig
0%
Sociable Gesellig
0%
Ordinaire Gewöhnlich
0%
Toxique Giftig
0%
Similaire Gleichartig
0%
Splendide Großartig
0%
Superbe Großartig
0%
Récent Kürzlich
0%
Souriant Lächelnd
0%
Passionné Leidenschaftlich
0%
Pénible Mühsam
0%
Nécessaire Notwendig
0%
Superficiel Oberflächlich
0%
Ouvert Offen
0%
Public Öffentlich
0%
Passable Passabel
0%
Précis Präzise
0%
Recyclé Recycelt
0%
Pertinent Relevant
0%
Visqueux Schleimig
0%
Timide Schüchtern
0%
Rare Selten
0%
Passionnant Spannend
0%
Spécifique Spezifisch
0%
Silencieux Still
0%
Têtu Stur
0%
Sympathique Sympathisch
0%
Talentueux Talentiert
0%
Profond Tiefgehend
0%
Traditionnel Traditionell
0%
Sec Trocken
0%
Ravi Überglücklich
0%
Surpeuplé Übervölkert
0%
Volumineux Umfangreich
0%
Nul Ungültig
0%
Responsable Verantwortlich
0%
Usé Verbraucht
0%
Pourri Verfault
0%
Séduisant Verführerisch
0%
Négligeable Vernachlässigbar
0%
Pollué Verschmutzt
0%
Vulnérable Verwundbar
0%
Prudent Vorsichtig
0%
Temporaire Vorübergehend
0%
Plus, supplémentaire Weitere
0%
Vaste Weitläufig
0%
Peu Wenig
0%
Précieux Wertvoll
0%
Sauvage Wild
0%
Nombreux Zahlreich
0%
Satisfait Zufrieden
0%
Supplémentaire Zusätzlich
0%
Aucun quiz correspondant
Distribution des résultats
% des personnes avec chaque résultat
Percentile par nombre de réponses
Votre historique - résultats
Vous n’avez pas pris ce quiz